Contemporany college physics

Bibliographic Details
Main Author: Jones, Edwin R.Jones
Other Authors: Childers, Richard L
Format: Book
Published: Massachusetts : Addison-Wasley , 1990
Subjects:

MARC

LEADER 00000cam a2200000 7i4500
001 0000005041
002 000005432
005 20000330.0
020 |a 020111951X 
090 0 0 |a 530   |b JON 
100 1 |a Jones, Edwin R.Jones 
245 0 0 |a Contemporany college physics   |c Edwin R.Jones and Richard L.Childers 
260 |a Massachusetts :   |b Addison-Wasley ,   |c 1990 
300 |a 930p. ;   |c 26cm. 
650 0 0 |a Physics 
700 1 |a Childers, Richard L 
999 |a 033592   |b BUKU   |c PINJAMAN   |e PERPUSTAKAAN KOMUNITI PETALING JAYA